Вибрані твори (Запис № 17289)
[ простий вигляд ]
| 000 -Маркер запису | |
|---|---|
| Контрольне поле сталої довжини | 01881nam a22002657a 4500 |
| 003 - Належність контрольного номера | |
| Контрольне поле | Uzh_bibl |
| 008 - Кодовані дані | |
| Контрольне поле сталої довжини | 260408b |||||||| |||| 00| 0 ukr d |
| 020 ## - Індекс ISBN | |
| ISBN | 978-966-8314-28-5 |
| Ціна | 15.54 |
| 040 ## - Джерело каталогіз. | |
| Служба первин.кат. | укр. |
| 041 ## - Код мови видання | |
| Код мови оригіналу | українська |
| Код мови тексту | українська |
| 080 ## - Індекс УДК | |
| Індекс УДК | 821(477) |
| 090 ## - Шифри | |
| Поличний індекс | 821(477) |
| Авторський знак | Б 14 |
| 100 ## - Автор | |
| Автор | Багряний, Іван |
| 245 ## - Назва | |
| Назва | Вибрані твори |
| Відповідальність | Вступ. ст., упоряд. і прим. Г.М. Жуковська |
| Фізичний носій | Текст |
| 260 ## - Вихідні дані | |
| Місце видання | Київ |
| Видавництво | Книга |
| Дата видання | 2007 |
| 300 ## - Фізичний опис | |
| Обсяг | 368 с. |
| Тип одиниці | В опр. |
| 490 ## - Серія | |
| Назва серії | Серія "Твори української діаспори" |
| 520 ## - Анотація | |
| Анотація | Збірка містить найвідоміші твори Івана Багряного, у яких зображено долю людини в умовах тоталітарного режиму, репресій і війни. Автор показує боротьбу за свободу, гідність і право на життя. Центральними темами є трагедія українців у радянській системі, сила духу та незламність особистості. |
| 521 ## - Примітка про цільове призначення | |
| Примітка про цільове призначення | Для широкого кола читачів |
| 546 ## - Примітка про мову | |
| Примітка про мову | укр. |
| 650 ## - Тематичні рубрики | |
| Основна рубрика | Літературно-художнє видання |
| Хронологічна підрубрика | Переважно перша половина ХХ століття (1920–1950-ті роки), період репресій і війни |
| Географічна підрубрика | Події в творах збірки відбуваються в різних місцях: Україна, СРСР, табори ГУЛАГу, еміграція |
| 653 ## - Ключові слова | |
| Ключові слова | Репресії |
| -- | Свобода |
| -- | Тоталітаризм |
| -- | Боротьба |
| -- | ГУЛАГ |
| 655 ## - Термін індексування — жанр/форма | |
| Жанр/форма | Збірка прозових творів (романи, повісті, оповідання) |
| Типове ділення | [Збірка] |
| 942 ## - ADDED ENTRY ELEMENTS (KOHA) | |
| Джерело класифікації чи схема поличного розташування | |
| Koha item type | Книги |
| Статус вилучення | Статус втрати/відсутності | Джерело класифікації чи схема поличного розташування | Статус пошкодження | Тип обігу (не для випозичання) | Постійне розташування | Поточне розташування | Розташування у відділі | Дата надходження | Інвентарний номер | Total Checkouts | Повний (примірниковий) шифр зберігання | Штрих-код | Date last seen | Дата, для якої чинна ціна заміни | Тип одиниці (рівень примірника) |
|---|---|---|---|---|---|---|---|---|---|---|---|---|---|---|---|
| Публічна бібліотека | Публічна бібліотека | Абонемент | 08/04/2026 | 57473 | 821(477) | 20138 | 08/04/2026 | 08/04/2026 | Книги |